000 00420nam a2200145Ia 4500
008 230917s9999||||xx |||||||||||||| ||und||
040 _e181930
_aMAIN
041 _aEnglish
082 _a891.431731 NP629V
100 _aपुरूषोत्तम दास
245 0 _aविधुरा
260 _aदिल्ली
_bलखनपाल प्रकाशन
_c1983
300 _a158 पृ. p.
942 _cHN
999 _c41268
_d41268